000 00985nam a2200289 i 4500
001 bg
245 0 0 _aRaport o funkcjonowaniu polskiego rynku finansowego w ujęciu międzysektorowym /
_c[red. Artur Wolak] ; Komisja Nadzoru Finansowego.
260 _aWarszawa :
_bUrząd Komisji Nadzoru Finansowego,
_c2011.
300 _a136 s. :
_bil. kolor. ;
_c30 cm.
490 1 _aMateriały i Opracowania Urzędu Komisji Nadzoru Finansowego
504 _aBibliogr. s. 121-123.
650 4 _aNarodowe Fundusze Inwestycyjne
650 4 _aRynek finansowy
_zPolska
_yod 2001 r.
700 1 _aWolak, Artur.
_eRed.
710 2 _aPolska.
_bKomisja Nadzoru Finansowego.
830 0 _aMateriały i Opracowania Urzędu Komisji Nadzoru Finansowego
020 _a9788393026029
040 _cBPK
041 0 _apol
044 _aPOL
080 _a339.722
080 _a(438)
080 _a(047.36)
920 _a978-83-930260-2-9
942 _cKS
008 130116s pl a f |000 0 pol
999 _c53867
_d53867
856 _uhttp://koha.tu.koszalin.pl/cgi-bin/koha/opac-detail.pl?biblionumber=53867
_yKatalog online BPK